| 000 | 01071aam a2200313 4500 | ||
|---|---|---|---|
| 005 | 20161214115405.0 | ||
| 008 | 150525b xxu||||| |||| 00| 0 spa d | ||
| 041 | _aEspañol | ||
| 082 |
_a027.8 V184b2 _b |
||
| 100 |
_aValverde Ogallar, Pedro _919431 |
||
| 100 |
_aCarrasco García, Eugenio _919432 |
||
| 100 |
_aMuñóz Aguirre, Juan Manuel _919433 |
||
| 245 | _aLa biblioteca, un centro-clave de documentación escolar: organización, dinamización y recursos | ||
| 250 | _a2 edición | ||
| 260 |
_aEspaña _bNarcea _c2000 |
||
| 300 | _a276 páginas | ||
| 650 |
_aBIBLIOTECAS ESCOLARES _919434 |
||
| 650 |
_aSELECCIÓN DE LIBROS _919435 |
||
| 650 |
_aADQUISICIÓN DE DOCUMENTOS _919436 |
||
| 650 |
_aLITERATURA INFANTIL _93434 |
||
| 650 |
_aRECURSOS INFORMÁTICOS _919437 |
||
| 650 |
_aGESTIÓN _96249 |
||
| 650 |
_aSERVICIOS DE INFORMACIÓN _915949 |
||
| 650 |
_aFORMACIÓN DE USUARIOS _919438 |
||
| 650 |
_aORGANIZACIÓN DE RECURSOS _919439 |
||
| 650 |
_aORGANIZACIÓN DE LAS COLECCIONES _919440 |
||
| 650 |
_aACTIVIDADES CULTURALES _98227 |
||
| 942 | _cBK | ||
| 999 |
_c2252 _d2252 |
||